Giao tiếp bằng tiếng Anh trong những tình huống thông thường

שמור ב:
מידע ביבליוגרפי
פורמט: ספר
תגים: הוספת תג
אין תגיות, היה/י הראשונ/ה לתייג את הרשומה!
Thư viện lưu trữ: Mạng thư viện Đại học Đà Nẵng
LEADER 00470nam a22001691a 4500
001 000037287
003 13582
005 20160412020324.0
008 160412s0 000
082 |a 4A(07)249 
245 |a Giao tiếp bằng tiếng Anh trong những tình huống thông thường  |c Nguyễn Thành Yến 
OWN |a LNN 
999 |a From the UDN01 
TYP |a Monograph 
980 |a Mạng thư viện Đại học Đà Nẵng